Statistiken für Google Jahresrückblick 2022 - Schlagzeilen des Jahres

Klicken Sie hier um das Quiz zu spielen!

Allgemein

  • Dieses Quiz wurde 80 mal gespielt
  • Das Durchschnittsergebnis liegt bei 2 aus 10

Antwortstatistiken

Suchbegriff% Korrekt
Ukraine
94%
Katar
46%
Affenpocken
12%
9-Euro-Ticket
9%
Layla
6%
Will Smith
6%
Taiwan
4%
Bürgergeld
3%
Energiepauschale
1%
Hitzewarnung
1%

Verteilung der Resultate

Perzentil nach korrekt beantworteten Fragen

Anzahl Personen mit jedem Resultat

Ihre Resultats-Entwicklung

Sie haben dieses Quiz noch nicht gespielt